000 00314nam a22001337a 4500
008 171127b xxu||||| |||| 00| 0 eng d
020 _a9781402724091
041 _aeng
080 _a721
100 _a41
101 _aNDE
245 _aINSULATING, SEALING & VENTILATING YOUR HOUSE
_cSPENCE,W.P
942 _2udc
_cBK
999 _c38541
_d38541